Výsledok hospodárenia a jeho vplyv na finančnú štruktúru podnikateľského subjektu bakalárska práca

Uložené v:
Podrobná bibliografia
Hlavný autor: Haulík, Richard
Korporativný autor: Fakulta podnikového manažmentu EU. Katedra podnikovohospodárska
Ďalší autori: Kintler, Jakub, 1979-
Médium: Kniha
Jazyk:Slovak
Vydavateľské údaje: Bratislava 2023
Tagy: Pridať tag
Žiadne tagy, Buďte prvý, kto otaguje tento záznam!

MARC

LEADER 00000nbm a2200000 4500
001 0293292
005 20240219125324.9
041 0 |a slo 
044 |a SK 
245 1 0 |a Výsledok hospodárenia a jeho vplyv na finančnú štruktúru podnikateľského subjektu  |b bakalárska práca  |c Richard Haulík ; školiteľ: Jakub Kintler 
264 1 |a Bratislava  |c 2023 
300 |a 43 s. 
100 1 |a Haulík, Richard 
700 1 |a Kintler, Jakub, 1979- 
710 2 |a Fakulta podnikového manažmentu EU. Katedra podnikovohospodárska